Construcción de invernaderos
-д хадгалсан:
| Үндсэн зохиолч: | |
|---|---|
| Формат: | Ном |
| Хэл сонгох: | испани |
| Хэвлэсэн: |
Madrid
Mundi Prensa
1994
|
| Нөхцлүүд: | |
| Шошгууд: |
Шошго нэмэх
Шошго байхгүй, Энэхүү баримтыг шошголох эхний хүн болох!
|
MARC
| LEADER | 00000nam a2200000 a 4500 | ||
|---|---|---|---|
| 001 | UCU4336 | ||
| 003 | CL-VaPUC | ||
| 008 | 960517e19940000SP |||||||||||||||||spa|d | ||
| 082 | 0 | 4 | |a 631.34 |b SER |2 21 |
| 100 | 0 | |a Serrano Cermeño, Zoilo |e author |9 361872 | |
| 245 | 1 | 0 | |a Construcción de invernaderos |
| 300 | |a 445 p | ||
| 942 | |c BK | ||
| 945 | |d 19960517 00:00:00 |a mcarcey | ||
| 260 | |a Madrid |b Mundi Prensa |c 1994 | ||
| 650 | 0 | |a Invernaderos |9 264317 | |
| 650 | 0 | |a Diseño y construcción |9 260862 | |
| 650 | 0 | |a Clima |9 265281 | |
| 650 | 0 | |a Materiales de construcción |9 260197 | |
| 650 | 0 | |a Aislamiento térmico |9 262738 | |
| 650 | 0 | |a Ingeniería de la construcción |9 337989 | |
| 650 | 0 | |a Diseño arquitectónico |9 265271 | |
| 583 | |a last modification |c 20180530 10:58:11 |k Rodrigo Vera | ||
| 999 | |c 248081 |d 248079 | ||
| 952 | |0 0 |1 0 |4 0 |6 631_340000000000000_SER_1994 |7 0 |8 A |9 264467 |a BIBAGR |b BIBAGR |d 2019-11-19 |i 3201392 |l 1 |o 631.34 SER 1994 |p 3201392 |r 2025-04-11 |s 2025-04-11 |w 2019-11-19 |y BK |k AGR | ||